| 000 | 00517nam a2200217Ia 4500 | ||
|---|---|---|---|
| 008 | 170918s9999 xx 000 0 und d | ||
| 020 | _a9780545295000 | ||
| 050 | _bK641 2011 | ||
| 100 | _aKlein, Abby | ||
| 245 | _aShark attack! / | ||
| 245 | _cby Abby Klein ; illustrated by John McKinley. | ||
| 260 | _aNew York : | ||
| 260 | _bScholastic, | ||
| 260 | _c2011 | ||
| 300 | _a94 pages : | ||
| 300 | _billustrations ; | ||
| 300 | _c19cm. | ||
| 300 | _eReady, Freddy ; | ||
| 440 | _a24 | ||
| 500 | _a470 | ||
| 999 |
_c343270 _d343270 |
||